|
|
|
|
| LEADER |
00000cam a2200000 i 4500 |
| 005 |
2011070509599.0 |
| 008 |
080904s2008 sp d || |||| ||spa d |
| 020 |
|
|
|a 9788498491760
|
| 035 |
|
|
|a 5337
|
| 040 |
|
|
|a BUS
|d vLex
|
| 080 |
|
|
|a 504:330
|
| 090 |
|
|
|c 2165
|d 2165
|
| 100 |
1 |
|
|a Martn̕ez Merino, Juan Luis.
|
| 245 |
1 |
0 |
|a Instrumentos econm̤icos para la proteccin̤ del medio ambiente :
|b papel y anl̀isis de los permisos de emisin̤ negociables /
|c Juan Luis Martn̕ez Merino.
|h [Recurso electrn̤ico]
|
| 256 |
|
|
|a Servicio en ln̕ea
|
| 260 |
|
|
|a Madrid :
|b Dykinson,
|c cop. 2008.
|
| 300 |
|
|
|a 397 p. :
|b grf̀. ;
|c 24 cm.
|
| 504 |
|
|
|a Bibliogr.: p.[383]-397.
|
| 506 |
1 |
|
|a Contenido solo disponible en los productos indicados
|d vLex Global
|d vLex Global (Academic Edition, excluding Law Schools)
|d vLex Global (U.S. Academic Edition, Law Schools)
|d vLex Global (U.S. Academic Edition, excluding Law Schools)
|d vLex Global (Academic Edition, Law Schools)
|
| 650 |
|
|
|a Medio ambiente
|2 Tesauro vLex
|
| 650 |
|
|
|2 Tesauro vLex
|a Costes de la contaminacin̤
|
| 650 |
|
|
|2 Tesauro vLex
|a Canon de emisin̤
|
| 740 |
0 |
|
|a vLex Libros (Servicio en ln̕ea)
|
| 856 |
4 |
0 |
|u http://vlex.com/source/instrumentos-economicos-proteccion-medio-ambiente-5337
|z Acceso restringido
|
| 942 |
|
|
|c BOOK
|